000 00841nam a22002417a 4500
003 OSt
005 20230315101224.0
008 221006b |||||||| |||| 00| 0 eng d
040 _cBiblioteca Lado V
082 _a701.1
_bR848a
100 _9789
_aRostkowska, Aneta
_ecuradora
245 _aA Sequence of Events in the Lives of the Dormant/
_bTemporary Gallery/
260 _bCentre for Contemporary Art
_c2020
_aAlemania
300 _c21x15cm
_a25p.
366 _eeng
490 _a2020
_vOctubre-Diciembre
650 _2Tesauro de Arte & Arquitectura
_aARTE
_9703
650 _2Tesauro de Arte & Arquitectura
_aTEORIA
650 _2Tesauro de Arte & Arquitectura
_aCRITICA
650 _2Tesauro de Arte & Arquitectura
_aARTE CONTEMPORANEO
700 _aKhaldi, Lara
_ecuradora
942 _2ddc
_c1
_h701.1
_iR848a
_n0
999 _c3203
_d3203